| 000 | 00302 a2200121 4500 | ||
|---|---|---|---|
| 001 | 89919 | ||
| 082 | _a297.72 ABD | ||
| 090 |
_c42380 _d42380 |
||
| 100 | _aAbdul Malik Mujahid | ||
| 245 |
_aGhazva-e-Uhad _bChildren's Book _hUrdu |
||
| 260 |
_aLahore _bDarus Salam Publications _c2004 |
||
| 300 | _a48p. | ||
| 942 |
_aCAE NUST _k297.72 ABD |
||
| 999 |
_c324992 _d324992 |
||